[Event "AUTO-OPEN-2280"]
[Site "http://www.queenalice.com/game.php?id=907112"]
[Date "2011.3.1"]
[Round "1"]
[White "Elficolorean"]
[Black "abelsaul"]
[Result "0-1"]
[WhiteElo "1835"]
[BlackElo "1762"]

1. e4 e5 2. Nf3 Nc6 3. Bb5 a6 4. Ba4 d6 5. O-O Bd7 6. c3 b5 7. Bc2 Nf6 8. d4
exd4 9. cxd4 Bg4 10. Bg5 Be7 11. h3 Bxf3 12. gxf3 Qd7 13. Kh2 h6 14. Bf4 g5 15.
Bg3 h5 16. Kg2 g4 17. fxg4 hxg4 18. hxg4 Nxg4 19. Rh1 O-O-O 20. Nc3 Rxh1 21.
Qxh1 Nxd4 22. Bd1 Qe6 23. Qh3 Rg8 24. f3 Ne3+ 25. Kh2 Qxh3+ 26. Kxh3 Rh8+ 0-1

[Event "AUTO-OPEN-2280"]
[Site "http://www.queenalice.com/game.php?id=907113"]
[Date "2011.3.1"]
[Round "1"]
[White "abelsaul"]
[Black "Tinoco"]
[Result "0-1"]
[WhiteElo "1848"]
[BlackElo "1867"]

1. e4 c5 2. Bc4 Nc6 3. Qf3 e6 4. Nc3 a6 5. a3 Ne5 6. Qe2 b5 7. Ba2 Nf6 8. f4 Nc6
9. e5 Nd4 10. Qd1 Ng8 11. Ne4 Bb7 12. d3 d6 13. Nf3 Nxf3+ 14. Qxf3 d5 15. Ng5 h6
16. Nh3 Rb8 17. c3 d4 18. Qg4 dxc3 19. O-O Qd4+ 20. Nf2 cxb2 21. Bxb2 Qxb2 22.
f5 Bd5 23. Rfb1 Qxe5 24. Re1 Nf6 25. Rxe5 Nxg4 26. Nxg4 Bxa2 27. Rxa2 Bd6 28.
Re1 h5 29. Ne3 e5 30. h3 f6 31. Nf1 Rd8 32. Ng3 Bc7 33. Rd1 Bb6 34. Kf1 a5 35.
Ke2 h4 36. Ne4 Ke7 37. Rc2 Rc8 38. Rdc1 b4 39. axb4 axb4 40. Nxc5 Bxc5 41. Rxc5
Rxc5 42. Rxc5 Rb8 43. Rc2 Kd6 44. Rb2 Kc5 45. Kd2 Kd4 46. Rb3 Kc5 47. Ke3 Rd8
48. Ke4 Rd4+ 49. Ke3 Rf4 50. Rb1 Kb5 51. Rd1 b3 52. Rd2 Kb4 53. Rd1 b2 54. Kd2
Kb3 0-1

[Event "AUTO-OPEN-2280"]
[Site "http://www.queenalice.com/game.php?id=907114"]
[Date "2011.3.1"]
[Round "1"]
[White "Tinoco"]
[Black "abelsaul"]
[Result "0-1"]
[WhiteElo "1929"]
[BlackElo "1781"]

1. e4 e5 2. Nf3 Nc6 3. Bc4 Nf6 4. d3 Bc5 5. h3 O-O 6. Ng5 d5 7. exd5 Na5 8. a3
Nxc4 9. dxc4 Bf5 10. f3 h6 11. g4 Bg6 12. h4 hxg5 13. hxg5 Nh7 14. Nd2 c6 15.
Nb3 Qb6 16. Rh2 Bd6 17. Re2 cxd5 18. Be3 d4 19. Bc1 Rac8 20. Nd2 d3 21. cxd3
Bxd3 22. b4 Bxc4 23. Nxc4 Qg1+ 24. Kd2 Bxb4+ 25. axb4 Rcd8+ 26. Kc3 Qxd1 27. Rd2
Qxf3+ 28. Kb2 Rxd2+ 29. Bxd2 Qxg4 30. Kb3 Rc8 31. Rc1 Qe6 32. b5 Nf8 33. Kb4 Qd5
34. g6 Nxg6 35. Be3 Nf4 36. Bxf4 exf4 37. Rc2 Qc5+ 38. Ka4 Qxc4+ 39. Rxc4 Rxc4+
40. Ka5 f3 41. b6 axb6+ 42. Kxb6 f2 43. Kxb7 f1=Q 0-1

[Event "AUTO-INT-1970"]
[Site "http://www.queenalice.com/game.php?id=907322"]
[Date "2011.3.1"]
[Round "1"]
[White "cmnetto"]
[Black "abelsaul"]
[Result "0-1"]
[WhiteElo "1860"]
[BlackElo "1820"]

1. e4 e5 2. Nf3 Nc6 3. Bb5 d6 4. O-O Bd7 5. Nc3 Nf6 6. Bxc6 Bxc6 7. d3 Be7 8.
Bg5 a6 9. Nh4 h6 10. Bxf6 Bxf6 11. Nf5 g6 12. Ne3 b5 13. Qf3 O-O 14. Ncd5 Bg7
15. Qg3 Bxd5 16. Nxd5 c6 17. Ne3 a5 18. a3 Qd7 19. c3 d5 20. Rad1 d4 21. cxd4
exd4 22. Nc2 Rae8 23. f4 c5 24. f5 Be5 25. Qh3 gxf5 26. Rxf5 Kh7 27. Rdf1 f6 28.
Ne1 Rg8 29. Nf3 c4 30. Nxe5 Rxe5 31. Rxf6 Qxh3 0-1

[Event "AUTO-INT-1970"]
[Site "http://www.queenalice.com/game.php?id=907323"]
[Date "2011.3.1"]
[Round "1"]
[White "abelsaul"]
[Black "cmnetto"]
[Result "1-0"]
[WhiteElo "1739"]
[BlackElo "1655"]

1. e4 e5 2. Nf3 Nc6 3. Bc4 Nf6 4. O-O Bc5 5. d3 d6 6. Bg5 O-O 7. Nc3 Re8 8. Nd5
Bg4 9. Bxf6 gxf6 10. h3 Bh5 11. g4 Bg6 12. Nh4 Kg7 13. c3 Rc8 14. b4 Bb6 15. a4
a6 16. Nf5+ Bxf5 17. gxf5 Rg8 18. Kh2 Kh8 19. Qh5 Rg7 20. Rg1 Bxf2 21. Rxg7 Kxg7
22. Rf1 Ba7 23. Rf3 h6 24. Rg3+ Kf8 25. Qxh6+ 1-0

[Event "AUTO-INT-1970"]
[Site "http://www.queenalice.com/game.php?id=907330"]
[Date "2011.3.1"]
[Round "1"]
[White "abelsaul"]
[Black "tche_elvio"]
[Result "1-0"]
[WhiteElo "1756"]
[BlackElo "1502"]

1. e4 e6 2. d4 d5 3. Nc3 c5 4. Nf3 Nf6 5. e5 Ne4 6. Nxe4 dxe4 7. Ng5 Qxd4 8.
Qxd4 cxd4 9. Nxe4 Nc6 10. Bb5 Bb4+ 11. c3 dxc3 12. Nxc3 Bd7 13. Bxc6 Bxc6 14.
O-O O-O 15. Be3 b5 16. f4 Bxc3 17. bxc3 a5 18. Rfd1 a4 19. Rd6 Bd5 20. a3 Rfc8
21. Bd4 h6 22. Rb1 Bc6 23. g4 Kf8 24. Bc5 Ke8 25. Bb4 Ra7 26. Kf2 Rd7 27. f5
Rxd6 28. exd6 exf5 29. Re1+ Kd7 30. Re7+ Kd8 31. Ba5+ Rc7 32. Bxc7+ Kc8 33. gxf5
1-0

[Event "AUTO-INT-1970"]
[Site "http://www.queenalice.com/game.php?id=907331"]
[Date "2011.3.1"]
[Round "1"]
[White "tche_elvio"]
[Black "abelsaul"]
[Result "0-1"]
[WhiteElo "1560"]
[BlackElo "1705"]

1. e4 e5 2. Nf3 Nc6 3. Bc4 Bc5 4. O-O Nf6 5. c3 O-O 6. d4 exd4 7. Nxd4 Bxd4 8.
cxd4 Nxe4 9. Nc3 Nf6 10. Bg5 h6 11. Bxf6 Qxf6 12. Nd5 Qd8 13. b4 a6 14. a4 d6
15. b5 axb5 16. axb5 Rxa1 17. Qxa1 Ne7 18. Nxe7+ Qxe7 19. Re1 Qg5 20. d5 Bh3 21.
g3 f5 22. Qc1 Qg4 23. Bf1 f4 24. Bxh3 Qxh3 25. g4 f3 0-1

[Event "AUTO-INT-1970"]
[Site "http://www.queenalice.com/game.php?id=944427"]
[Date "2011.5.30"]
[Round "2"]
[White "brasilianlion"]
[Black "abelsaul"]
[Result "1-0"]
[WhiteElo "2044"]
[BlackElo "1924"]

1. d4 d5 2. c4 Nf6 3. Nf3 Bf5 4. Nc3 e6 5. Bg5 Nc6 6. e3 dxc4 7. h3 Be7 8. Bxc4
a6 9. a3 b5 10. Bd3 h6 11. Bh4 b4 12. axb4 O-O 13. Bxf5 exf5 14. b5 axb5 15.
Nxb5 Rb8 16. Qe2 Bb4+ 17. Nc3 Be7 18. O-O Re8 19. Qc4 Ne4 20. Bxe7 Nxe7 21. Ne5
Nd6 22. Qe2 Rb3 23. f3 f6 24. Nd3 Nc6 25. Qc2 Qb8 26. Nd5 Qb5 27. N3f4 Rxb2 28.
Qc1 Rc8 29. Qxc6 Qxc6 30. Ne7+ Kf7 31. Nxc6 Rb6 32. Rfc1 Rb3 33. Kf2 Rb2+ 34.
Kg3 Re8 35. Rc3 g5 36. Nd3 h5 37. Nxb2 1-0

[Event "AUTO-INT-1970"]
[Site "http://www.queenalice.com/game.php?id=944428"]
[Date "2011.5.30"]
[Round "2"]
[White "abelsaul"]
[Black "brasilianlion"]
[Result "1-0"]
[WhiteElo "1833"]
[BlackElo "1935"]

1. e4 c5 2. Nf3 d6 3. Bc4 Nc6 4. Nc3 Nf6 5. d3 g6 6. O-O Bg7 7. Ng5 O-O 8. f4 e6
9. g4 h5 10. f5 Na5 11. fxg6 Nxc4 12. Nxf7 Qe7 13. dxc4 Nxg4 14. Bg5 Bd4+ 15.
Qxd4 cxd4 16. Bxe7 Ne3 17. Nh6+ Kg7 18. Bxf8+ Kxg6 19. Rf3 Nxc2 20. Raf1 Ne3 21.
Rg3+ Kh7 22. Rf7+ 1-0

[Event "AUTO-INT-1970"]
[Site "http://www.queenalice.com/game.php?id=944429"]
[Date "2011.5.30"]
[Round "2"]
[White "breno33"]
[Black "abelsaul"]
[Result "0-1"]
[WhiteElo "1930"]
[BlackElo "1853"]

1. e4 e5 2. d4 exd4 3. c3 Nc6 4. Nf3 d6 5. Bc4 h6 6. cxd4 Nf6 7. Nc3 a6 8. O-O
Bg4 9. Be3 b5 10. Nxb5 axb5 11. Bxb5 Bd7 12. Rc1 Ne7 13. Bxd7+ Qxd7 14. e5 Nfd5
15. a3 Nf5 16. exd6 Bxd6 17. Ne5 Nfxe3 18. fxe3 Qe6 19. Qf3 O-O 20. Ng4 h5 21.
Nf2 g6 22. Ne4 f5 23. Ng5 Qxe3+ 24. Qxe3 Nxe3 0-1

[Event "AUTO-INT-1970"]
[Site "http://www.queenalice.com/game.php?id=944430"]
[Date "2011.5.30"]
[Round "2"]
[White "abelsaul"]
[Black "breno33"]
[Result "1-0"]
[WhiteElo "1872"]
[BlackElo "1938"]

1. e4 e6 2. e5 c5 3. Nc3 Nc6 4. Nf3 f6 5. d4 cxd4 6. Nxd4 fxe5 7. Nxc6 bxc6 8.
Qh5+ g6 9. Qxe5 Qf6 10. Qc7 Bb4 11. Bd2 Ne7 12. O-O-O O-O 13. Qg3 d5 14. a3 a5
15. axb4 axb4 16. Nb1 Nf5 17. Qf3 Ra2 18. Qb3 Ra1 19. Bxb4 Rf7 20. Bd2 Rb7 21.
Qc3 e5 22. f4 d4 23. Qc5 Ne3 24. fxe5 Qg7 25. Bxe3 1-0

[Event "AUTO-INT-1920"]
[Site "http://www.queenalice.com/game.php?id=950826"]
[Date "2011.6.16"]
[Round "2"]
[White "AMWAY"]
[Black "abelsaul"]
[Result "0-1"]
[WhiteElo "1922"]
[BlackElo "1947"]

1. e4 e5 2. Nc3 Nc6 3. Qf3 Nd4 4. Qd3 Bc5 5. Nf3 d6 6. Nb5 Nxb5 7. Qxb5+ c6 8.
Qb3 Nf6 9. Ng5 O-O 10. Qh3 Bxh3 11. gxh3 d5 12. d3 d4 13. Bd2 h6 14. Nf3 Bd6 15.
c3 c5 16. Rg1 Kh7 17. a3 Qb6 18. b4 dxc3 19. Bxc3 cxb4 20. Rb1 a5 21. Nxe5 Qc5
22. Nc4 bxc3 23. Rc1 b5 24. Ne3 Qxa3 25. Kd1 Qb2 26. Nc2 b4 27. f3 b3 28. Rg2
bxc2+ 29. Rgxc2 Qb3 30. d4 Ba3 31. Ra1 Bb2 32. Rb1 Rad8 33. Bd3 Rxd4 34. Ke2
Rfd8 35. Rd1 Rxd3 0-1

[Event "AUTO-INT-1920"]
[Site "http://www.queenalice.com/game.php?id=950827"]
[Date "2011.6.16"]
[Round "2"]
[White "abelsaul"]
[Black "AMWAY"]
[Result "1-0"]
[WhiteElo "1913"]
[BlackElo "1939"]

1. e4 g6 2. d4 b5 3. Bxb5 Bg7 4. e5 Bb7 5. Nf3 a6 6. Bc4 f5 7. Bg5 d6 8. e6 c5
9. c3 Qa5 10. O-O Nc6 11. dxc5 Qxc5 12. Bb3 O-O-O 13. Nbd2 Ne5 14. Be3 Qa5 15.
Nxe5 dxe5 16. Qe2 Bd5 17. Bxd5 Kb8 18. Nc4 Qxd5 19. Rfd1 Qxe6 20. Rxd8+ Kb7 21.
Na5+ Kc7 22. Rad1 Nf6 23. Rxh8 Bxh8 24. Qc4+ Qxc4 25. Nxc4 Nd7 26. f3 e4 27.
fxe4 fxe4 28. Bd4 e5 29. Be3 Kd8 30. Nb6 1-0

[Event "AUTO-INT-1920"]
[Site "http://www.queenalice.com/game.php?id=950830"]
[Date "2011.6.16"]
[Round "2"]
[White "abelsaul"]
[Black "fabianobueno21"]
[Result "1-0"]
[WhiteElo "1930"]
[BlackElo "1953"]

1. e4 e5 2. Nf3 d6 3. Bc4 Bg4 4. h3 Bh5 5. g4 Bg6 6. Nc3 Be7 7. d3 h6 8. Bd2 a6
9. Qe2 Nc6 10. O-O-O Nf6 11. g5 hxg5 12. Nxg5 Bh5 13. f3 Na5 14. h4 Nxc4 15.
dxc4 Nd7 16. Nd5 Bxg5 17. hxg5 c6 18. Nc3 Qa5 19. Kb1 O-O-O 20. Nb5 Qb6 21.
Nxd6+ Kb8 22. Be3 Qc7 23. c5 Qa5 24. Rd3 Nxc5 25. Ra3 Na4 26. Nc4 Qb4 27. Rb3
Qe7 28. Na5 Rd7 29. Nxc6+ Kc8 30. Nxe7+ 1-0

[Event "AUTO-INT-1920"]
[Site "http://www.queenalice.com/game.php?id=950831"]
[Date "2011.6.16"]
[Round "2"]
[White "fabianobueno21"]
[Black "abelsaul"]
[Result "0-1"]
[WhiteElo "1947"]
[BlackElo "1906"]

1. e4 e5 2. Nf3 Nc6 3. Bb5 d6 4. h3 Bd7 5. c3 a6 6. Bc4 Nf6 7. Ng5 d5 8. exd5
Na5 9. Bb3 h6 10. Nf3 Bb5 11. Ba4 Qxd5 12. Bxb5+ axb5 13. Qe2 Bd6 14. d4 O-O 15.
dxe5 Rfe8 16. Bf4 Nd7 17. O-O Nxe5 18. Nxe5 Bxe5 19. Bxe5 Rxe5 20. Qg4 Rg5 21.
Qxg5 Qxg5 22. Na3 Rd8 23. Rfd1 Rxd1+ 24. Rxd1 Nc6 25. Nc2 Ne5 26. Kf1 Nc4 27. g3
Qf5 0-1

[Event "Tractatus"]
[Site "http://www.queenalice.com/game.php?id=985039"]
[Date "2011.9.16"]
[Round "-"]
[White "dwright"]
[Black "abelsaul"]
[Result "1-0"]
[WhiteElo "2029"]
[BlackElo "1971"]

1. d4 d5 2. Nf3 Nc6 3. c4 Nf6 4. cxd5 Nxd5 5. e4 Nf6 6. Nc3 Bg4 7. Be2 Bxf3 8.
Bxf3 Qxd4 9. Qb3 O-O-O 10. Be3 Qe5 11. Qa4 a6 12. Be2 Nb8 13. O-O e6 14. f4 Qd6
15. Rfd1 Qb4 16. Rxd8+ Kxd8 17. Rd1+ Kc8 18. Qc2 Be7 19. e5 Nfd7 20. Rd4 Qb6 21.
Na4 Qa7 22. Kf2 b6 23. Nc3 h5 24. Bf3 h4 25. Ra4 c5 26. Nb5 1-0

[Event "Elizabeth"]
[Site "http://www.queenalice.com/game.php?id=985934"]
[Date "2011.9.16"]
[Round "-"]
[White "adelio"]
[Black "abelsaul"]
[Result "0-1"]
[WhiteElo "1787"]
[BlackElo "1957"]

1. e4 e5 2. Nf3 Nc6 3. g4 Bc5 4. Qe2 d6 5. h3 Nge7 6. Bg2 Nb4 7. Na3 Be6 8. c4
a6 9. b3 Ng6 10. d3 Nh4 11. Nxh4 Qxh4 12. Nc2 Bxf2+ 13. Kf1 Nxc2 14. Qxc2 Bd4
15. Rb1 O-O 16. g5 f5 17. Ke2 fxe4 18. dxe4 Rf2+ 19. Kd1 Rxc2 20. Kxc2 Qf2+ 21.
Bd2 Qxg2 22. Rbf1 Be3 23. Rd1 Bxd2 24. Rxd2 Qxh1 25. Re2 Bxh3 26. Kb2 Qf3 27.
Rc2 Qxe4 28. c5 Qd4+ 29. Ka3 dxc5 30. Rc4 Qd2 31. Rxc5 Qd6 32. b4 a5 33. Ka4
axb4+ 34. Kxb4 b6 35. a4 Qxc5+ 36. Kb3 Be6+ 37. Kb2 Rxa4 38. Kb1 Rb4+ 39. Ka1
Qa5# 0-1

[Event "Elizabeth"]
[Site "http://www.queenalice.com/game.php?id=985935"]
[Date "2011.9.16"]
[Round "-"]
[White "charles31"]
[Black "abelsaul"]
[Result "0-1"]
[WhiteElo "1749"]
[BlackElo "1964"]

1. e4 e5 2. Nf3 Nc6 3. a3 Nf6 4. Nc3 Bc5 5. h3 d6 6. Bb5 Bd7 7. d3 a6 8. Ba4 b5
9. Bb3 O-O 10. g4 Nd4 11. Ba2 h6 12. g5 Nh7 13. h4 Bg4 14. Rg1 Bxf3 15. Qd2 Bxe4
16. dxe4 Nf3+ 17. Kf1 Nxd2+ 18. Bxd2 Kh8 19. gxh6 gxh6 20. Bxh6 Rg8 21. Ke2 Qf6
22. Be3 Bxe3 23. fxe3 Qxh4 24. Kd3 Rxg1 25. Rxg1 Rg8 26. Rf1 Ng5 27. Ne2 Qxe4+
28. Kd2 b4 29. axb4 Nf3+ 30. Kd1 Qxe3 31. Bxf7 Qd2# 0-1